00929cam a22003374i 4500003000900000005001700009008004100026035001800067040003300085082002000118100002900138245004800167264005500215300003900270336002100309337002500330338002300355505005500378526001000433526001000443526001000453526001000463526000800473526000800481526000800489526000800497526000800505526000800513526000800521630006200529PE-LiUPU20250731173456.0150616s1993 sp r 000 0 spa d a(Sirsi) a6592 aPE-LiUPUbspacPE-LiUPUerda04a227.87bP592211 aPink, Arthur W.,eautor.13aAn Exposition of Hebrews /cArthur W. Pink. 1aGrand Rapids, Michigan :bBaker Book House,c1993. a1307 páginas ;c21 centímetros atext2rdacontent aunmediated2rdamedia avolume2rdacarrier0 aCrítica e interpretación del libro de Hebreos. aSEG42 aSEG41 aSEG40 aSEG39 aP94 aP87 aP86 aP85 aP77 aP76 aP3504aBiblia.pN.T.pHebreosxCrítica, interpretación, etc.